| 000 | 00504nam a2200157Ia 4500 | ||
|---|---|---|---|
| 008 | 220204s9999 xx 000 0 und d | ||
| 082 |
_a575:631.52:632.7 _bMAX |
||
| 100 | _aJENNINGS, Peter R | ||
| 245 | 0 | _aBreeding plants resistant to insects. | |
| 260 |
_aNew York _bJohn Wiley _c1980 |
||
| 490 | _aEnvironmental science and technology: A wiley interscience series of texts and monographs | ||
| 650 | _aGermplasm resources | ||
| 650 | _aPlant breeding | ||
| 700 | _aMAXWELL, Fowden G | ||
| 942 | _cBK | ||
| 999 |
_c36301 _d36301 |
||